Score 0/39 Timer 04:00
0 Plays Today
Hint 4-Letter Word % Correct
Flamingo's colorPINK
97.5%
Truth or ____DARE
97.4%
First month of summerJUNE
97.4%
Sand hillDUNE
96.3%
Native of DenmarkDANE
95.6%
Movement of airWIND
95.4%
Winter sport venueRINK
94.3%
Prison roomCELL
94.1%
It's found around Saturn
Fungal skin infection [4][17]
→RING
93.5%
Ace or jack, e.g.CARD
93.3%
Rock genrePUNK
92.6%
Traditional Chinese ship 
Scrapheap [8][21]
→JUNK
90.8%
Match a poker betCALL
90.1%
Taxi passenger
Adieu [13][26]
→FARE
89.4%
Building extensionWING
89.2%
Femur or tibia, e.g.BONE
88.8%
To caution against dangerWARN
88.7%
'Cosmos' narrator SaganCARL
88.5%
Adieu [13][26]
Highly cooked [26][39]
→WELL←
88.3%
NakedBARE
88.1%
Hint 4-Letter Word % Correct
Finished
Highly cooked [26] [39]
DONE←
86.5%
Untamed
Outdoor conflagration [1][14]
→WILD
84.6%
Batman villainBANE
84.1%
Berlin or Hadrian's, e.g.
Computer protector [14][27] 
WALL←
84%
Genial, affectionateWARM
83.2%
Shakespeare, for oneBARD
83.1%
Part of a golf course
Spacetime tunnel [17][30]
HOLE←
83%
Cat's toyYARN
82.8%
Feathered animal
Army recruit [21][34]
BIRD←
81.9%
Fungal skin infection [4][17]
Space-time tunnel [17][30]
→WORM←
81.5%
Clue(do) roomHALL
81%
Scrapheap [8][21]
Army recruit [21][34]
→YARD←
79.8%
DaringBOLD
77.2%
ShapeFORM
77%
Cargo space of a shipHOLD
76.9%
In good healthHALE
76.6%
Outdoor conflagration
Computer protector [14][27]
→FIRE←
75.2%
UnyieldingFIRM
72.2%
German tabloidBILD
70%

Today's Daily Dose

Remove Ads.
Support Sporcle.
Get the best of Sporcle when you Go Orange. This ad-free experience offers more features, more stats, and more fun while also helping to support Sporcle. Thank you for becoming a member.

You're not logged in!

Compare scores with friends on all Sporcle quizzes.
OR
Log In

Show Comments

Extras

Top Quizzes Today


Score Distribution

Your Account Isn't Verified!

In order to create a playlist on Sporcle, you need to verify the email address you used during registration. Go to your Sporcle Settings to finish the process.

Report this User

Report this user for behavior that violates our Community Guidelines.

Details: